|
|
|
|
| LEADER |
00000nab a2200000 a 4500 |
| 001 |
vtls009283914 |
| 003 |
SK-MaSNL |
| 005 |
20260303054135.0 |
| 008 |
140328c2008 xo zr|p|||||||000 b|slo |
| 015 |
|
|
|a SNBRB2008/04
|2 snkbucl
|
| 038 |
|
|
|a SNKBUCL
|
| 040 |
|
|
|a SNKBUCL
|b slo
|c SNKBUCL
|e AACR2
|
| 041 |
0 |
|
|a slo
|b eng
|
| 044 |
|
|
|a xo
|c SK
|
| 080 |
|
|
|a 725.23:72.012.6
|x (430)
|2 2001
|
| 080 |
|
|
|a 72.012.6
|x (430)
|2 2001
|
| 245 |
0 |
0 |
|a Centrála BP v Bochume
|b budova tvarovaná slnkom
|c [autor] (ha)
|
| 300 |
|
|
|b Fotogr., obr.
|
| 546 |
|
|
|a Res. angl.
|
| 610 |
2 |
7 |
|a Centrála BP (Bochum, Nemecko)
|x fasáda
|x realizácia
|2 snkbucl
|9 1047668
|
| 650 |
0 |
7 |
|a fasády
|2 snkbucl
|9 26054
|
| 773 |
0 |
|
|t ASB
|g Roč. XV, č. 3 (2008), s. 153
|x 1335-1230
|
| 852 |
|
|
|a SNK
|b KIS3GCP
|
| 958 |
|
|
|a DE
|
| 999 |
|
|
|c 1722113
|d 1724043
|